000 00331 a2200133 4500
005 20250626124123.0
020 _a0-07-091995-X
082 _a657 LAR
100 _aLARSON, K.D.
245 _aFundamentals of Accounting Principles
260 _aNew York,
_bMcGraw Hill,
_c2005
300 _a134P.;ill.; figure
_c25cm
942 _2ddc
_cBKS
999 _c5327
_d5327